|
|
|
|
| LEADER |
00000nam0a2200000 4500 |
| 001 |
235609 |
| 005 |
20231101231419.0 |
| 035 |
|
|
|a (RuTPU)RU\TPU\book\256748
|
| 090 |
|
|
|a 235609
|
| 100 |
|
|
|a 20130412d1972 m y0rusy50 ca
|
| 101 |
0 |
|
|a rus
|
| 102 |
|
|
|a RU
|
| 105 |
|
|
|a a j 001zy
|
| 200 |
1 |
|
|a Нефть и важнейшие нефтепродукты
|e учебное пособие
|f Л. Н. Оголева, В. М. Радиковский
|g Московский институт народного хозяйства им. Г. В. Плеханова
|
| 210 |
|
|
|a Москва
|c Изд-во Московского ин-та народного хозяйства
|d 1972
|
| 215 |
|
|
|a 44 с.
|c ил.
|
| 320 |
|
|
|a Библиогр.: с. 43.
|
| 606 |
1 |
|
|a Нефтепереработка
|2 stltpush
|3 (RuTPU)RU\TPU\subj\33945
|9 86220
|
| 610 |
1 |
|
|a нефть
|
| 610 |
1 |
|
|a нефтепродукты
|
| 610 |
1 |
|
|a состав
|
| 610 |
1 |
|
|a свойства
|
| 610 |
1 |
|
|a жидкое топливо
|
| 610 |
1 |
|
|a смазочные масла
|
| 610 |
1 |
|
|a углеводороды
|
| 610 |
1 |
|
|a перегонка
|
| 610 |
1 |
|
|a очистка
|
| 610 |
1 |
|
|a стабилизация
|
| 610 |
1 |
|
|a транспортировка
|
| 610 |
1 |
|
|a хранение
|
| 610 |
1 |
|
|a учебные пособия
|
| 675 |
|
|
|a 665.63.04
|v 3
|
| 700 |
|
1 |
|a Оголева
|b Л. Н.
|
| 701 |
|
1 |
|a Радиковский
|b В. М.
|
| 712 |
0 |
2 |
|a Московский институт народного хозяйства им. Г. В. Плеханова
|c (1924-1991)
|2 stltpush
|3 (RuTPU)RU\TPU\col\14943
|9 26045
|
| 801 |
|
1 |
|a RU
|b 63413507
|c 20130412
|
| 801 |
|
2 |
|a RU
|b 63413507
|c 20130506
|g RCR
|
| 942 |
|
|
|c BK
|